Memoirs of Thomas Brand-Hollis.

Bibliographic Details
Main Author: Disney, John, 1746-1816
Format: Book
Language:English
Subjects:

MARC

Tag First Indicator Second Indicator Subfields
LEADER 00000cam a2200000 i 4500
001 in00000098448
005 20150926125508.0
008 780707r19771808kyuaf b 00010 eng d
035 |a (OCoLC)04030638 
035 |9 AAL3388AM 
040 |a DLC  |c RRR  |d RRR  |d TXA  |d UtOrBLW 
049 |a TXAI 
099 |a fiche  |a C  |a 1999 
100 1 |a Disney, John,  |d 1746-1816. 
245 1 0 |a Memoirs of Thomas Brand-Hollis. 
264 3 |a London :  |b printed by T. Gillet,  |c 1808. 
300 |a vii, 60 pages, 9 unnumbered leaves of plates :  |b illustrations (1 folded) ;  |c 37 cm. 
336 |a text  |b txt  |2 rdacontent 
337 |a microform  |b h  |2 rdamedia 
338 |a microfiche  |b he  |2 rdacarrier 
500 |a Preface signed: John Disney. 
500 |a Imperfect: frontispiece wanting. 
500 |a Microfiche. Louisville, Ky. : Lost Cause Press, 1977. -- 2 sheets ; 10.5 x 14.8 cm. -- (Sabin, Joseph, 1821-1881. [Bibliotheca Americana] Selected Americana. [Microfiche edition]) -- (Fiche book). 
500 |a "Sabin: 20268." 
500 |a "Copied from the original in the Library of Congress." 
500 |a Microform. 
600 1 0 |a Brand-Hollis, Thomas,  |d 1719?-1804. 
999 |a MARS 
999 f f |s 8b2ae8f6-0190-36dc-ae04-68379a925aeb  |i c3c1d855-fc89-34da-b29c-6c112612b5c5  |t 0 
952 f f |p normal  |a Texas A&M University  |b College Station  |c Sterling C. Evans Library  |d Evans: Microforms (3rd floor)  |t 0  |e fiche C 1999  |h Other scheme  |i microform -- microfiche  |m A14820791440 
998 f f |a fiche C 1999  |t 0  |l Evans: Microforms (3rd floor)